Statistics for John Cassavetes films

Click here to take the quiz!

General Stats

  • This quiz has been taken 24 times
  • The average score is 8 of 12

Answer Stats

YearHintAnswer% Correct
1974Madness and family lifeA Woman Under the Influence
83%
1980Middle aged woman stands up to gangstersGloria
83%
1970Three friends unite after the death of a friendHusbands
83%
1977Fan dies when trying to see an actressOpening Night
78%
1976Strip Club owner gets in trouble with mobThe Killing of a Chinese Bookie
78%
1959Interracial relationshipsShadows
72%
1968Middle aged man leaves wife for younger womanFaces
67%
1984Sibling reunionLove Streams
67%
1963Burt Lancaster, Judy GarlandA Child is Waiting
50%
1971Museum curator falls in love with parking attendantMinnie and Moskowitz
50%
1986Insurance agent plots with client to kill her husbandBig Trouble
28%
1961Blues musician falls in love with singerToo Late Blues
28%

Score Distribution

Percentile by Number Answered

Percent of People with Each Score

Your Score History

You have not taken this quiz